U.K. Common Streets Quiz Stats

Quiz Updated Apr 10, 2015

Also try: US Common Streets
Challenge
Share
Tweet
Embed
Score 0/50 Timer 09:00
0 Plays Today
Rank Street Name % Correct
1.High Street
65.6%
3.Main Street
47%
8.London Road
39%
4.Church Street
36%
11.Park Avenue
34.1%
2.Station Road
25.1%
27.Queen Street
24.1%
21.King Street
23.8%
35.The Green
22.5%
24.North Street
22%
42.South Street
21.4%
7.Church Road
21.4%
26.West Street
21.1%
5.Victoria Road
20.9%
13.Kings Road
20.7%
20.Main Road
19%
12.Queens Road
18.4%
22.The Avenue
17.7%
25.Victoria Street
16.3%
18.George Street
15.5%
14.Church Lane
15.3%
6.Park Road
12.6%
32.Park Lane
12.3%
23.New Street
11.9%
10.New Road
10.3%
Rank Street Name % Correct
49.School Lane
8.8%
37.Broadway
8.7%
31.Albert Street
8.4%
30.Albert Road
8.1%
17.The Crescent
7.2%
15.Green Lane
6.4%
33.Chapel Street
5.9%
46.York Road
5.5%
36.Mill Lane
5.2%
45.Kingsway
5.2%
9.Manor Road
4.2%
41.Forest Road
3.3%
40.Windsor Road
2.9%
38St. Johns Road
2.5%
50.Cromwell Road
2.2%
19.Grange Road
2.2%
43.Warwick Road
1.9%
44.Grove Road
1.6%
34.Highfield Road
1.5%
16.Alexandra Road
1.5%
28.Springfield Road
1.4%
39.Marlborough Road
1.3%
29.Stanley Road
1.3%
47.Woodlands Road
0.9%
48.Clarence Road
0.8%

You're not logged in!

Compare scores with friends on all Sporcle quizzes.
Join for Free
OR
Log In

You Might Also Like...

Show Comments

Extras

Top Quizzes Today


Score Distribution

Your Account Isn't Verified!

In order to create a playlist on Sporcle, you need to verify the email address you used during registration. Go to your Sporcle Settings to finish the process.

Report this User

Report this user for behavior that violates our Community Guidelines.

Details: